“肉夹馍”地点数量≥300的地级行政区 Prefectures with ≥300 "Roujiamo" sites - Statistics

General Stats
  • This quiz has been taken 61 times
  • The average score is 9 of 15
Answer Stats
地级行政区 数量 % Correct
西安 2250
98%
北京 565
91%
咸阳 519
84%
郑州 771
83%
上海 371
78%
洛阳 353
74%
渭南 479
71%
天津 345
71%
济南 598
69%
石家庄 560
59%
青岛 443
59%
临沂 670
28%
南阳 348
28%
烟台 322
19%
潍坊 473
17%
No matching quizzes found
Score Distribution
Percent of People with Each Score
Percentile by Number Answered
Your Score History
You have not taken this quiz